| 000 | 00892cam a22002775a 4500 | ||
|---|---|---|---|
| 001 | 18702603 | ||
| 005 | 20151026125137.0 | ||
| 008 | 150716t2015 flua frb 001 0 eng d | ||
| 010 | _a 2015301536 | ||
| 020 | _a9781482223781 | ||
| 040 |
_aYDXCP _beng _cYDXCP _dBDX _dBTCTA _dCUS _dOCLCO _dOCLCF _dLTSCA _dDLC _dEG-ScBUE |
||
| 082 | 0 | 4 |
_a668.9 _bPRI _222 |
| 245 | 0 | 0 |
_aPrinciples of polymer systems / _cFerdinand Rodriguez ... [et al.] |
| 250 | _a6th ed. | ||
| 260 |
_aBoca Raton : _bCRC Press / Taylor & Francis Group, _cc.2015. |
||
| 300 |
_axx, 789 p. : _bill. ; _c24 cm. |
||
| 500 | _aIndex : p. 775-789. | ||
| 504 | _aIncludes bibliographical references. | ||
| 650 | 0 |
_aPolymers. _2BUEsh |
|
| 650 | 0 |
_aPolymerization. _2BUEsh |
|
| 651 | _2BUEsh | ||
| 653 |
_bENGCHE _cOctober2015 |
||
| 655 |
_vReading book _934232 |
||
| 700 | 1 |
_aRodriguez, Ferdinand, _d1928- |
|
| 942 |
_2ddc _k668.9 PRI |
||
| 999 |
_c20986 _d20958 |
||